00728nam a22001577a 4500003000400000082001600004100002200020245003100042260002500073300000800098942001500106952014800121952013600269952014800405999001700553SGT a530.11bWEI aWEINBERG, STEVEN  aGRAVITATION AND COSMOLOGY  aINDIA bWILEY c2019 a657 2ddccBK04 00102ddc4070aSSSLbSSSLcTXTd2019-11-29eABC g799.00iSGTUl3o530.11 WEIpPS6001r2022-05-18 00:00:00s2022-05-02w2019-11-29yBKk11575 00102ddc4070aSSSLbSSSLcTXTd2019-11-29eABC g799.00iSGTUl0o530.11 WEIpPS6002r2019-11-29 00:00:00w2019-11-29yBKk11575 00102ddc4070aSSSLbSSSLcTXTd2019-11-29eABC g799.00iSGTUl1o530.11 WEIpPS6003r2022-05-31 00:00:00s2022-05-11w2019-11-29yBKk11575 c19493d19493